Environmental biology: (Record no. 30808)

MARC details
000 -LEADER
fixed length control field 00716nam a22002177a 4500
005 - DATE AND TIME OF LATEST TRANSACTION
control field 20091006113815.0
008 - FIXED-LENGTH DATA ELEMENTS--GENERAL INFORMATION
fixed length control field 091006t xxu||||| |||| 00| 0 eng d
010 ## - LCCN (DPL NO)
LC control number ENG-95079
020 ## - INTERNATIONAL STANDARD BOOK NUMBER
International Standard Book Number 9789380017808
Terms of availability 80.00
035 ## - SYSTEM CONTROL NUMBER
System control number EN-78612
037 ## - SOURCE OF ACQUISITION
Source of stock number/acquisition DBAD/PUB
040 ## - CATALOGING SOURCE
Original cataloging agency DPL
Language of cataloging ENG
082 ## - DEWEY DECIMAL CLASSIFICATION NUMBER
Classification number 577
100 ## - MAIN ENTRY--PERSONAL NAME
Personal name Suresh,R.
245 ## - TITLE STATEMENT
Title Environmental biology:
Statement of responsibility, etc by R. Suresh
Remainder of title a brief study /
260 ## - PUBLICATION, DISTRIBUTION, ETC. (IMPRINT)
Place of publication, distribution, etc Chennai
Name of publisher, distributor, etc Today Publications
Date of publication, distribution, etc 2008
270 ## - ADDRESS
Address Today Publications
City Chennai-5
300 ## - PHYSICAL DESCRIPTION
Extent 106p.
Dimensions 19cm(Pbk)
942 ## - ADDED ENTRY ELEMENTS (KOHA)
Source of classification or shelving scheme Dewey Decimal Classification
Item type English Books
Call number suffix SUR
Classification part 577
Holdings
Withdrawn status Lost status Source of classification or shelving scheme Damaged status Not for loan Collection code Home library Current library Date acquired Source of acquisition Cost, normal purchase price Total Checkouts Full call number Barcode Date last seen Copy number Cost, replacement price Koha item type
    Dewey Decimal Classification   Not For Loan Non-fiction D.B.Act.Division D.B.Act.Division 30/09/2009 DBAD / PUB 80.00   577 SUR EN-78612 06/10/2009 1 80.00 English Books

© Delhi Public Library
Hit Counter
free hit counter